Klicke die Wojwodschaften Polens auf der Karte an - Statistiken

Allgemein
  • Dieses Quiz wurde 197 mal gespielt
  • Das Durchschnittsergebnis liegt bei 8 aus 16
Antworten auf der Karte
Die Antworten werden auf der Karte rot bzw. grün angezeigt, abhängig davon wie oft sie richtig erraten wurden.
 
Antwortstatistiken
Antwort % Korrekt
Westpommern
81%
Ermland-Masuren
63%
Karpatenvorland
62%
Großpolen
59%
Niederschlesien
59%
Lodz
55%
Oppeln
55%
Pommern
53%
Lublin
52%
Podlachien
51%
Heiligkreuz
45%
Lebus
44%
Masowien
44%
Schlesien
41%
Kujawien-Pommern
39%
Kleinpolen
37%
Keine übereinstimmenden Quizze gefunden
Verteilung der Resultate
Anzahl Personen mit jedem Resultat
Perzentil nach korrekt beantworteten Fragen
Ihre Resultats-Entwicklung
Sie haben dieses Quiz noch nicht gespielt